Biblioteca

Cómo ayudar a otros a encontrar libertad en Cristo : Manual de preparación y guía de estudio / Neil T. Anderson, Tom C. McGee (Registro nro. 36434)

Detalles MARC
000 -LÍDER
Campo fijo de descripción fija 006480000a22001930004500
020 ## - NÚMERO INTERNACIONAL NORMALIZADO PARA LIBROS
Número Internacional Normalizado del libro 0-7899-0196-X
041 0# - CÓDIGO DE IDIOMA
Código de idioma para texto/pista de sonido o título separado
082 04 - NÚMERO DE CLASIFICACIÓN DECIMAL DEWEY
Número de clasificación G 253 A5451c
001 - NÚMERO DE CONTROL
Campo de control 6141
100 1# - ASIENTO PRINCIPAL--NOMBRE PERSONAL
Nombre personal Anderson, Neil T. (1942-)
245 10 - TÍTULO
Título del Material Cómo ayudar a otros a encontrar libertad en Cristo : Manual de preparación y guía de estudio / Neil T. Anderson, Tom C. McGee
260 ## - PUBLICACIÓN, DISTRIBUCIÓN, ETC. (PIE DE IMPRENTA)
Lugar de publicación, distribución, etc. Miami, FL., USA : Unilit
300 ## - DESCRIPCIÓN FÍSICA
Extensión 211 Pag
336 ## - CONTENT TYPE
Content type term texto
Content type code txt
Source rdacontent
337 ## - MEDIA TYPE
Source rdamedia
Media type term sin mediación
Media type code n
338 ## - CARRIER TYPE
Source rdacarrier
Carrier type term volumen
Carrier type code nc
500 ## - NOTA GENERAL
Nota General Título original : Helping other find freedom in Christ: Training manual & study guide
942 ## - TIPO DE MATERIAL (KOHA)
Tipo de Item KOHA Libros General
Existencias
Estado de Material Estado de Perdido Estado de Dañado No para Préstamo Colección Tomo Biblioteca de Origen Biblioteca Permanente Fecha de Adquisición Total de Préstamos Total de Renovaciones Signatura Topográfica Código de Barras Última vez visto Última vez Préstado Ejemplar/Existencia Fecha de Remplazo Tipo de Material
        Colección General   Biblioteca FUSBC Biblioteca FUSBC 28/12/2004 1 6 G 253 A5451c 12924 30/06/2020 18/03/2020 1 26/01/2016 Libros General
        Colección General   Biblioteca FUSBC Biblioteca FUSBC 28/12/2004     G 253 A5451c 13409 12/12/2019   2 26/01/2016 Libros General

Biblioteca FUSBC | Teléfono: (57+4) 349 88 10 Ext. 141| WhatsApp (+57) 3005338115 
E-mail: biblioteca@unisbc.edu.co | Calle 76 87-14 Robledo Palenque, Medellín, Colombia

Con tecnología Koha